Most Viewed American Buildings on Wikipedia - Statistics

General Stats
  • This quiz has been taken 508 times
  • The average score is 5 of 10
Answer Stats
Views State Answer % Correct
20 m Washington D.C. White House
91%
36 m New York Statue of Liberty
81%
25 m South Dakota Mount Rushmore
78%
25 m New York One World Trade Center
78%
16 m California Golden Gate Bridge
65%
10 m Illinois Willis Tower
51%
12 m California Disneyland
24%
9.5 m Florida Walt Disney World
5%
12 m New York New York Stock Exchange
3%
8.8 m New York John F. Kennedy International Airport
2%
No matching quizzes found
Score Distribution
Percent of People with Each Score
Percentile by Number Answered
Your Score History
You have not taken this quiz